Ako si žijú po bankrote

Súčasná realita v Grécku. Mzdy, zamestnanosť, problémy gréckych bánk, uletené armádne výdavky, výber daní.

Saved in:
Bibliographic Details
Main Author: Sibyla, Pavel
Format: Book Chapter
Language:Slovak
Subjects:
Tags: Add Tag
No Tags, Be the first to tag this record!

MARC

LEADER 00000naa a2200000 4500
001 0143208
005 20231113073649.0
041 0 |a slo 
044 |a SK 
245 1 0 |a Ako si žijú po bankrote  |c Pavel Sibyla 
520 |a Súčasná realita v Grécku. Mzdy, zamestnanosť, problémy gréckych bánk, uletené armádne výdavky, výber daní. 
610 2 0 |a Grécko 
610 2 0 |a bankrot 
610 2 0 |a situácia hospodárska 
610 2 0 |a situácia sociálna 
100 1 |a Sibyla, Pavel